| 000 | 00925nas a2200277 4500 | ||
|---|---|---|---|
| 001 | BR2013005815 | ||
| 003 | BR-BrBNA | ||
| 005 | 20231205122706.0 | ||
| 007 | ta | ||
| 008 | 230509b bl.|||p| |||| 00| 00por d | ||
| 040 |
_aBR-BrBNA _bpor _cBiblioteca Nacional de Agricultura |
||
| 041 | _a(En) | ||
| 072 | _aP34 | ||
| 100 | 1 | _aBalota, E.L. | |
| 100 | 1 | _aAuler, P.A.M. | |
| 245 | 1 | _aSoil microbial biomass under different management and tillage systems of permanent intercropped cover species in an orange orchard | |
| 650 | _aLARANJA | ||
| 650 | _aPOMAR | ||
| 650 | _aMICROBIOLOGIA DO SOLO | ||
| 650 | _aBIOMASSA | ||
| 650 | _aMANEJO DO SOLO | ||
| 773 | 0 |
_tRevista Brasileira de Ciência do Solo (Brazil) _xISSN 0100-0683 _g(Nov-Dec 2011), v. 35(6) p. 1873-1883 _wBR2013005815 |
|
| 856 | 4 | 0 | _uhttp://www.scielo.br/pdf/rbcs/v35n6/a04v35n6.pdf |
| 909 |
_a202311 _bLúcia _c55 _dLúcia Elande |
||
| 942 |
_2AGRIS _n0 _cANA |
||
| 999 |
_c230007 _d230007 |
||